[Event "Michigan Class D/E"]
[Site "Auburn Hills, MI"]
[Date "2003.04.27"]
[Round "5.1"]
[White "Speight, Timothy"]
[Black "Bezrutch, Brian"]
[Result "0-1"]
[WhiteElo "1275"]
[BlackElo "1294"]
[PlyCount "68"]
[EventDate "2003.04.26"]

1. Nf3 Nc6 2. e4 e5 3. Bc4 Bc5 4. O-O Nf6 5. Nc3 O-O 6. a3 d6 7. Na4 Bb6 8. Qe2
Bg4 9. c3 Rc8 10. Nxb6 cxb6 11. Qe3 Ne7 12. Ba2 Ng6 13. d3 Nh5 14. Ng5 Qf6 15.
h3 Bd7 16. Bd2 Ngf4 17. Nxf7 Rxf7 18. Bxf7+ Qxf7 19. Qf3 Qg6 20. Bxf4 Nxf4 21.
Kh2 Qh6 22. Rad1 Rf8 23. Qe3 Rf6 24. Rg1 Rg6 25. Qf3 Qg5 26. g4 Rh6 27. Rg3 Rf6
28. Qe3 Qh4 29. f3 Rh6 30. d4 Nxh3 31. Rxh3 Qxh3+ 32. Kg1 Qh1+ 33. Kf2 Rh2+ 34.
Kg3 Qg2# 0-1

[Event "Michigan Class A"]
[Site "Auburn Hills, MI"]
[Date "2003.04.27"]
[Round "5.6"]
[White "Skidmore, Mike"]
[Black "Jewell, Ken"]
[Result "1-0"]
[WhiteElo "1833"]
[BlackElo "1812"]
[PlyCount "102"]
[EventDate "2003.04.26"]

1. e4 e5 2. Nf3 Nc6 3. Bb5 a6 4. Ba4 Nf6 5. d3 b5 6. Bb3 Be7 7. O-O O-O 8. Re1
d6 9. c3 Bb7 10. Nbd2 h6 11. Nf1 Re8 12. Ng3 Bc8 13. h3 Nb8 14. Nh2 c6 15. Nh5
Be6 16. Re3 Nxh5 17. Qxh5 Bg5 18. Rg3 Bxc1 19. Rxc1 Qf6 20. Ng4 Bxg4 21. Qxg4
Ra7 22. Re1 Ree7 23. Qc8+ Kh7 24. Qxb8 Red7 25. Ree3 Qe7 26. Ref3 Rd8 27. Qb6
f6 28. Qxc6 Rda8 29. Qd5 Re8 30. d4 Rc7 31. dxe5 dxe5 32. Rd3 Rec8 33. Qd6 Qe8
34. Qxa6 b4 35. Qe6 Re7 36. Qf5+ Kh8 37. Rd6 bxc3 38. bxc3 Rec7 39. c4 Rc5 40.
Rd7 Qf8 41. Qg6 R8c7 42. Qxg7+ Qxg7 43. Rgxg7 Rc8 44. Rg6 R8c6 45. Rxh6+ Kg8
46. Rg6+ Kh8 47. Rd5 Kh7 48. Rxc5 Rxc5 49. Rxf6 Kg7 50. Rd6 Rc7 51. Rd5 Kf6 {
Remainder illegible, 56?} 1-0

[Event "Michigan Class D/E"]
[Site "Auburn Hills, MI"]
[Date "2003.04.27"]
[Round "5.11"]
[White "Shetty, Atulya"]
[Black "Dumas, Steve"]
[Result "1-0"]
[WhiteElo "1322"]
[BlackElo "1207"]
[PlyCount "127"]
[EventDate "2003.04.26"]

1. Nf3 f5 2. d3 g6 3. e4 d6 4. g3 fxe4 5. dxe4 Bg7 6. Bc4 e6 7. Nd4 Qf6 8. Be3
e5 9. Nb3 Ne7 10. Nc3 Rf8 11. O-O Bh3 12. Re1 Bh6 13. Qe2 Bg7 14. Rad1 h5 15.
Nd2 g5 16. Qxh5+ Kd8 17. Qxh3 Rh8 18. Qg2 Kd7 19. Nf3 Bh6 20. Rd2 a6 21. Red1
Nbc6 22. Bd5 Raf8 23. Ne1 Nd8 24. Qf1 Rh7 25. Qc4 g4 26. Qe2 Rfh8 27. Qxg4+ Ke8
28. Bxh6 Rxh6 29. h4 Rg6 30. Qh3 Rxh4 31. Qg2 Rhg4 32. Rd3 R4g5 33. R1d2 Qh8
34. Qh2 Rh6 35. Qg2 Rgh5 36. Kf1 Rh1+ 37. Ke2 R6h2 38. Qf3 Qh3 39. Kd1 Qf1 40.
Qe2 Qg2 41. Qe3 Rxe1+ 42. Kxe1 Rh1+ 43. Ke2 Qh3 44. Bb3 Qf1+ 45. Kf3 Qh3 46.
Qg5 Rg1 47. Ke3 Kd7 48. Qxe5 Qh6+ 49. Qf4 Qxf4+ 50. Kxf4 Rh1 51. e5 Ng6+ 52.
Ke3 Nxe5 53. Rd4 Rh8 54. f4 Nec6 55. Re4 Kc8 56. Be6+ Kb8 57. Bd5 Na7 58. Rb4
c6 59. Bb3 c5 60. Re4 Nac6 61. Rxd6 Nd4 62. Rd5 N8c6 63. Rxc5 Ka7 64. f5 1-0

[Event "Michigan Class C"]
[Site "Auburn Hills, MI"]
[Date "2003.04.27"]
[Round "5.5"]
[White "Saylor, Oliver"]
[Black "Haney, Mark"]
[Result "0-1"]
[WhiteElo "1427"]
[BlackElo "1514"]
[Annotator "Tim McGrew"]
[PlyCount "38"]
[EventDate "2003.04.26"]

{Giuoco Piano: Pianissimo} 1. e4 e5 2. Nf3 Nc6 3. Bc4 Bc5 4. c3 Nf6 5. d3 d5 $2
{This is premature, but it requires good tactics from White to prove it!} 6.
exd5 Nxd5 7. O-O $2 {A routine developing move -- not good enough in a
position where a lot is happening in the center!} ({The right way to exploit
Black's play is} 7. Qb3 $1 Nf4 {Relatively best.} (7... Nce7 {leaves the
bishop on c5 exposed to} 8. Qb5+ $1 $18) (7... Be6 8. Qxb7 {picks up a pawn.})
(7... O-O 8. Bxd5 Na5 9. Qd1 Qxd5 10. b4 Bf5 11. O-O Bxb4 12. cxb4 $18) 8. Bxf4
exf4 9. Bxf7+ Kf8 10. O-O Qxd3 11. Re1 $16 {and although he has maintained
material equality Black's position is very uncomfortable.}) 7... O-O 8. Nxe5 $2
{Anatomy of a miscalculation: White recognizes that Black's pieces are in
position for the fork trick in the center, but he fails to look at his own
pieces. The bishop on c4 ruins the fork trick.} Nxe5 9. d4 $2 {Misfortunes
seldom come singly. White follows up the forking idea consistently and drops
even more material.} (9. Bxd5 {maintains material equality, though Black is in
a much better position after} Qxd5 10. d4 Bd6 11. dxe5 Qxe5 $17) 9... Nxc4 {
Now Black's material advantage is overwhelming.} 10. dxc5 Be6 11. b3 Ne5 12.
Qe2 Ng6 13. Rd1 Qe8 14. Ba3 c6 15. Bb2 Rd8 16. Rc1 Ndf4 17. Qe3 Nd3 18. Ba3
Nxc1 19. Qxc1 Bg4 0-1

[Event "Michigan Class D/E"]
[Site "Auburn Hills, MI"]
[Date "2003.04.27"]
[Round "4.4"]
[White "Sanders, Travis"]
[Black "Gibbs, Tony"]
[Result "1-0"]
[WhiteElo "1367"]
[BlackElo "1277"]
[PlyCount "95"]
[EventDate "2003.04.26"]

1. e4 e5 2. Nf3 Nc6 3. Bc4 Bc5 4. b3 Nf6 5. Nc3 O-O 6. O-O Re8 7. Bb2 d6 8. h3
Na5 9. Re1 Nxc4 10. bxc4 Be6 11. d3 Nh5 12. Nxe5 Qg5 13. Nf3 Qg6 14. Nh4 Bxf2+
15. Kxf2 Qg3+ 16. Kg1 Qxh4 17. Qf3 Qg5 18. Re3 c6 19. Rae1 Nf4 20. Qg3 Qxg3 21.
Rxg3 a5 22. Ne2 Ng6 23. a4 c5 24. Nc3 Bd7 25. Nb5 Re7 26. Re2 f6 27. Rf2 Rf8
28. Nxd6 Bxa4 29. Ba3 b6 30. d4 Rc7 31. d5 Ne5 32. Rc3 Rd7 33. Nf5 g6 34. Nh6+
Kg7 35. Ng4 Nxg4 36. hxg4 g5 37. Rcf3 Kg6 38. e5 h5 39. Rxf6+ Rxf6 40. Rxf6+
Kg7 41. gxh5 Bxc2 42. h6+ Kh7 43. e6 Rd6 44. Rf7+ Kg8 45. Rd7 Rxe6 46. dxe6 Bf5
47. Rg7+ Kh8 48. Bb2 1-0

[Event "Michigan Class A"]
[Site "Auburn Hills, MI"]
[Date "2003.04.27"]
[Round "5.3"]
[White "Roe, Philip"]
[Black "Ho, Randy"]
[Result "1/2-1/2"]
[WhiteElo "1965"]
[BlackElo "1888"]
[PlyCount "85"]
[EventDate "2003.04.26"]

1. Nc3 c5 2. Nf3 Nf6 3. e4 d6 4. d4 cxd4 5. Nxd4 Nc6 6. Bg5 Bd7 7. Be2 Rc8 8.
O-O Nxd4 9. Qxd4 Qa5 10. f4 Qc5 11. Bxf6 gxf6 12. Rad1 Rg8 13. Qxc5 Rxc5 14.
Bf3 Bc6 15. Rf2 Bh6 16. Be2 f5 17. Bd3 e5 18. exf5 Bxf4 19. Re1 Kd8 20. Ne4
Bxe4 21. Rxe4 d5 22. Rexf4 exf4 23. Rxf4 f6 24. Kf2 Kd7 25. Rh4 Rg7 26. Rd4 Kd6
27. b4 Ke5 28. Rh4 Rcc7 29. Rh3 Kd6 30. Rh6 Rcf7 31. Kf3 Ke5 32. g4 Rc7 33. h4
Rc6 34. b5 Rd6 35. Rh5 a6 36. a4 axb5 37. axb5 Re7 38. g5 Kd4 39. Rh6 Ke5 40.
Kg4 Rc7 41. Kh5 Re7 42. g6 Rdd7 43. Kg4 1/2-1/2

[Event "Michigan Class C"]
[Site "Auburn Hills, MI"]
[Date "2003.04.27"]
[Round "4.1"]
[White "Prong, Clint"]
[Black "Williams, Marcus"]
[Result "0-1"]
[WhiteElo "1582"]
[BlackElo "1401"]
[PlyCount "118"]
[EventDate "2003.04.26"]

1. e4 d5 2. exd5 Nf6 3. Bb5+ Bd7 4. Bc4 b5 5. Bb3 a5 6. a3 Bg4 7. f3 Bf5 8. Nc3
a4 9. Ba2 Qd7 10. Qe2 Bxc2 11. Qxb5 c6 12. dxc6 Nxc6 13. Nd5 Rb8 14. Qc4 Nxd5
15. Qxd5 Qxd5 16. Bxd5 Nd4 17. Ne2 Nxe2 18. Kxe2 e6 19. Be4 Bxe4 20. fxe4 Bc5
21. Rf1 O-O 22. Rb1 Bxa3 23. Rf3 Bc5 24. Ra1 Rb4 25. d3 Bd4 26. Ra2 Rfb8 27.
Rf1 Bxb2 28. Bxb2 Rxb2+ 29. Rxb2 Rxb2+ 30. Kf3 a3 31. Ra1 a2 32. d4 f6 33. h4
h6 34. g3 Kf7 35. Kg4 g6 36. e5 fxe5 37. dxe5 Ke7 38. Kf4 Kd7 39. Ke4 Kc6 40.
Kd4 Kb5 41. Kc3 Rg2 42. Kb3 Kc5 43. Rd1 g5 44. hxg5 hxg5 45. g4 Rxg4 46. Kxa2
Re4 47. Kb3 Rxe5 48. Rg1 Kd4 49. Kc2 Ke3 50. Kc3 Kf2 51. Rg4 Kf3 52. Rg1 g4 53.
Kd4 Re2 54. Kd3 Rf2 55. Kd4 g3 56. Kd3 g2 57. Re1 Rf1 58. Rxe6 Rd1+ 59. Kc2
g1=Q 0-1

[Event "Michigan Class C"]
[Site "Auburn Hills, MI"]
[Date "2003.04.27"]
[Round "5.2"]
[White "Prong, Clint"]
[Black "Aldrich, Justin"]
[Result "1/2-1/2"]
[WhiteElo "1582"]
[BlackElo "1558"]
[PlyCount "61"]
[EventDate "2003.04.26"]

1. e4 e5 2. f4 d6 3. Nf3 Nc6 4. Bc4 Be7 5. O-O Nf6 6. d3 O-O 7. Bd2 exf4 8.
Bxf4 Be6 9. Nbd2 Nd7 10. d4 Bxc4 11. Nxc4 Re8 12. c3 Nf6 13. Qc2 d5 14. exd5
Nxd5 15. Nfe5 Nxe5 16. Nxe5 Nxf4 17. Rxf4 Bf6 18. Qf5 Qd5 19. Ng4 Qxf5 20. Rxf5
Be7 21. Kf2 f6 22. Re1 Bd6 23. Rxe8+ Rxe8 24. g3 Kf7 25. Ne3 c6 26. b4 Bc7 27.
a4 Kg6 28. Rf3 a5 29. bxa5 Bxa5 30. Nc4 Bc7 31. Re3 1/2-1/2

[Event "Michigan Class D/E"]
[Site "Auburn Hills, MI"]
[Date "2003.04.27"]
[Round "5.2"]
[White "Pratt, Gary"]
[Black "McNair, Shawn"]
[Result "1/2-1/2"]
[WhiteElo "1391"]
[BlackElo "1388"]
[PlyCount "78"]
[EventDate "2003.04.26"]

1. e4 e5 2. Nf3 Nc6 3. Bc4 Nf6 4. d4 exd4 5. O-O d6 6. Nxd4 Nxd4 7. Qxd4 Be7 8.
Nc3 O-O 9. Nd5 Nxd5 10. Bxd5 Bf6 11. Qd3 Re8 12. Bf4 Be5 13. Bxe5 Rxe5 14. f4
Rh5 15. Qb3 Qe7 16. e5 dxe5 17. fxe5 Be6 18. Bxe6 Qxe6 19. Qxb7 Qb6+ 20. Qxb6
axb6 21. Rad1 Rxe5 22. Rd7 f6 23. a3 Rc8 24. Rfd1 Kf8 25. Kf2 Re7 26. Rxe7 Kxe7
27. Ke3 Ke6 28. Rd4 c5 29. Rd3 Rc7 30. Kd2 Ke5 31. Rb3 Rc6 32. Rh3 h6 33. Re3+
Kf5 34. b4 cxb4 35. axb4 b5 36. Rc3 Rd6+ 37. Rd3 Rb6 38. Rf3+ Ke5 39. Re3+ Kf4
1/2-1/2

[Event "Michigan Class D/E"]
[Site "Auburn Hills, MI"]
[Date "2003.04.27"]
[Round "4.11"]
[White "Poniatowski, Don"]
[Black "Dumas, Steve"]
[Result "1-0"]
[WhiteElo "1298"]
[BlackElo "1207"]
[PlyCount "147"]
[EventDate "2003.04.26"]

1. e4 f5 2. d3 d5 3. exd5 Qxd5 4. Nc3 Qe6+ 5. Qe2 Qf7 6. Bf4 e6 7. a3 a6 8. Nf3
Nc6 9. O-O-O Nf6 10. d4 Bd6 11. Ne5 Bxe5 12. Bxe5 Nh5 13. g3 O-O 14. f4 Rb8 15.
Rg1 g6 16. Bg2 Na7 17. Rd2 b5 18. Bf3 Ng7 19. Bxg7 Qxg7 20. Qe5 Qe7 21. Nd5 Qd8
22. Nb4 Rb6 23. Rgd1 a5 24. Na2 c6 25. b4 Ra6 26. Kb2 Bd7 27. Rd3 Qe7 28. Qc5
Qf7 29. Rb3 a4 30. Rc3 Rc8 31. Nc1 Rc7 32. Nd3 Be8 33. Qe5 Qe7 34. Nc5 Rb6 35.
Qxe6+ Qxe6 36. Nxe6 Re7 37. Nc5 Nc8 38. Rd2 Nd6 39. Be2 Bf7 40. Kc1 Bc4 41. Kd1
Rb8 42. Bxc4+ bxc4 43. Re2 Ne4 44. Nxe4 fxe4 45. Rxc4 Rd8 46. Ke1 e3 47. c3 h5
48. Rc5 Kh7 49. Re5 Rg7 50. R2xe3 Rgg8 51. Re7+ Kh6 52. Rc7 Rde8 53. Rxe8 Rxe8+
54. Kf2 Re6 55. Ra7 g5 56. fxg5+ Kxg5 57. Ra5+ Kg6 58. Rxa4 Rf6+ 59. Kg2 Re6
60. Ra6 Kf5 61. b5 Re2+ 62. Kf3 Rxh2 63. Rxc6 h4 64. Rc5+ Kg6 65. gxh4 Rxh4 66.
b6 Rh7 67. Rc7 Rh8 68. b7 Rb8 69. a4 Kf5 70. a5 Ke6 71. a6 Rf8+ 72. Ke3 Re8 73.
Kd3 Kd6 74. Rc8 1-0

[Event "Michigan Class D/E"]
[Site "Auburn Hills, MI"]
[Date "2003.04.27"]
[Round "4.10"]
[White "Paul, Dennis"]
[Black "Worley, Ron"]
[Result "0-1"]
[WhiteElo "1294"]
[BlackElo "1370"]
[PlyCount "66"]
[EventDate "2003.04.26"]

1. d4 Nf6 2. c4 g6 3. Nf3 Bg7 4. Nc3 O-O 5. e4 d6 6. Bd3 e5 7. d5 a5 8. h3 Na6
9. a3 h6 10. Be3 Rb8 11. Ba7 Ra8 12. Be3 Nh7 13. Qd2 g5 14. h4 f5 15. hxg5 f4
16. gxh6 fxe3 17. Qxe3 Bf6 18. O-O-O Bg4 19. Be2 Bxf3 20. Kb1 Bxe2 21. Qg3+ Kf7
22. Nxe2 Nc5 23. Qg4 Rg8 24. Qf5 Rg6 25. b4 axb4 26. axb4 Nd7 27. Qe6+ Kf8 28.
Qf5 Qe8 29. Rd3 Qf7 30. f4 Rxg2 31. Ng3 Rf2 32. Nh5 exf4 33. Nxf4 Ra1# 0-1

[Event "Michigan Class B"]
[Site "Auburn Hills, MI"]
[Date "2003.04.27"]
[Round "5.5"]
[White "Moroney, Timothy"]
[Black "Nelson, Peter"]
[Result "1/2-1/2"]
[WhiteElo "1770"]
[BlackElo "1650"]
[PlyCount "53"]
[EventDate "2003.04.26"]

1. e4 c5 2. Nf3 d6 3. Nc3 Nf6 4. e5 dxe5 5. Nxe5 Nbd7 6. Nc4 a6 7. Qe2 e6 8. g3
b5 9. Bg2 Rb8 10. Ne3 Be7 11. d3 Bb7 12. Bxb7 Rxb7 13. O-O O-O 14. f4 Re8 15.
b3 Nf8 16. Bb2 Qb6 17. Rae1 Ng6 18. f5 exf5 19. Rxf5 Bf8 20. Qf2 Re6 21. Ned5
Nxd5 22. Nxd5 Rxe1+ 23. Qxe1 Qe6 24. Qf2 Rd7 25. c4 Ne7 26. Re5 Qc6 27. Nxe7+
1/2-1/2

[Event "Michigan Class B"]
[Site "Auburn Hills, MI"]
[Date "2003.04.27"]
[Round "5.7"]
[White "Moore, Robert"]
[Black "Hazzard, William"]
[Result "1/2-1/2"]
[WhiteElo "1601"]
[BlackElo "1622"]
[PlyCount "64"]
[EventDate "2003.04.26"]

1. e4 c5 2. Nf3 d6 3. d4 cxd4 4. Nxd4 Nf6 5. Nc3 e6 6. Bg5 Be7 7. f4 O-O 8. Qf3
Nbd7 9. O-O-O a6 10. g4 Rb8 11. h4 b5 12. Nc6 Qe8 13. Nxb8 Nxb8 14. Bxf6 Bxf6
15. Rxd6 b4 16. Nd1 Be7 17. Rd2 Qc6 18. b3 Bb7 19. Nf2 Rc8 20. Bc4 Nd7 21. Rhd1
Nb6 22. Qd3 Nxc4 23. Qxc4 Qb6 24. Qd4 Bc5 25. Qc4 Be3 26. Qe2 Bxd2+ 27. Qxd2
Qc7 28. Re1 a5 29. Kb1 g6 30. Rc1 f6 31. g5 f5 32. exf5 exf5 1/2-1/2

[Event "Michigan Masters/Experts"]
[Site "Auburn Hills, MI"]
[Date "2003.04.27"]
[Round "4.3"]
[White "Mazuchowski, Tom"]
[Black "Gabbara, Faris"]
[Result "0-1"]
[WhiteElo "2000"]
[BlackElo "2009"]
[Annotator "Tim McGrew"]
[PlyCount "30"]
[EventDate "2003.04.26"]

{Petrov} 1. e4 e5 2. Nf3 Nf6 3. Nc3 Bb4 4. d3 {Rather tame. 4.Bc4 or 4.Nxe5
are more common and more thematic.} Nc6 5. Be2 d6 {Black is also willing to
develop calmly and await events.} 6. O-O Bxc3 7. bxc3 Bg4 8. Nd2 Bxe2 9. Qxe2
O-O 10. Rb1 b6 11. f4 {Sensible play: opening the f-file can only benefit
White.} Qe7 12. Nc4 Rfe8 13. fxe5 Nxe5 14. Nxe5 (14. Ne3 {is an interesting
alternative, heading for f5.}) 14... Qxe5 15. Rf5 $4 {Oh no...!} (15. c4 {
threatens Bb2 and would have kept a small edge for White.}) 15... Qxf5 {Take
heart, class players: if it can happen to people at this level, it can happen
to anyone.} 0-1

[Event "Michigan Masters/Experts"]
[Site "Auburn Hills, MI"]
[Date "2003.04.27"]
[Round "3.2"]
[White "Mazuchowski, Tom"]
[Black "Davidovich, Manis"]
[Result "0-1"]
[WhiteElo "2000"]
[BlackElo "2117"]
[PlyCount "92"]
[EventDate "2003.04.26"]

1. Nf3 d5 2. g3 e6 3. Bg2 c5 4. O-O Nf6 5. d3 Nc6 6. Nbd2 h5 7. e4 Be7 8. e5
Ng4 9. Re1 Nh6 10. h3 g5 11. Nh2 g4 12. hxg4 hxg4 13. Nxg4 Nxg4 14. Qxg4 Nd4
15. Qd1 Qb6 16. c3 Nf5 17. Nf3 Bd7 18. Qb3 Qc7 19. c4 Bc6 20. Bf4 O-O-O 21. Qc2
dxc4 22. dxc4 Rdg8 23. Rad1 b6 24. Rd3 Qb7 25. Qd1 Rg4 26. Qd2 Bh4 27. Rd1 Nd4
28. Nxd4 Bxg2 29. f3 Bxg3 30. Qxg2 Bh2+ 31. Bxh2 Rxg2+ 32. Kxg2 cxd4 33. Rxd4
Qe7 34. Bg3 Qg5 35. Kf2 Rh3 36. Rg4 Qf5 37. Rg8+ Kc7 38. Rdd8 Qc2+ 39. Ke3 Qc1+
40. Ke4 Qxc4+ 41. Ke3 Qc1+ 42. Ke4 Qb1+ 43. Ke3 Qxb2 44. Rb8 Qa3+ 45. Ke4 Qa6
46. Bf2 Qe2+ 0-1

[Event "Michigan Class B"]
[Site "Auburn Hills, MI"]
[Date "2003.04.27"]
[Round "5.1"]
[White "Matias, I.C."]
[Black "Biondo, Anthony"]
[Result "1/2-1/2"]
[WhiteElo "1742"]
[BlackElo "1786"]
[PlyCount "74"]
[EventDate "2003.04.26"]

1. d4 d5 2. Nf3 Nf6 3. c4 e6 4. Nc3 Be7 5. Bg5 h6 6. Bh4 b6 7. cxd5 Nxd5 8.
Bxe7 Qxe7 9. e4 Nxc3 10. bxc3 Bb7 11. Bd3 Nd7 12. O-O O-O 13. Re1 Rfd8 14. Qb3
Nc5 15. Qa3 Qe8 16. Bc2 Nd7 17. Rad1 e5 18. d5 Nc5 19. c4 Rd6 20. Nh4 Bc8 21.
Qg3 Bd7 22. f4 f6 23. Nf5 Bxf5 24. exf5 e4 25. Rd4 Qd7 26. Bxe4 Re8 27. Bc2 b5
28. cxb5 Qxb5 29. Rxe8+ Qxe8 30. Rd1 Rd8 31. h3 Qb5 32. Bb3 Nxb3 33. axb3 Kf7
34. Ra1 Rxd5 35. Rxa7 Rd7 36. Kf2 Ke7 37. Ke3 Kd6 1/2-1/2

[Event "Michigan Class A"]
[Site "Auburn Hills, MI"]
[Date "2003.04.27"]
[Round "5.5"]
[White "LaForge, Tom"]
[Black "Vandivier, Don"]
[Result "1/2-1/2"]
[WhiteElo "1907"]
[BlackElo "1892"]
[PlyCount "24"]
[EventDate "2003.04.26"]

1. e4 c5 2. Nf3 d6 3. d4 cxd4 4. Qxd4 Nc6 5. Bb5 Bd7 6. Bxc6 Bxc6 7. c4 Nf6 8.
Nc3 g6 9. O-O Bg7 10. Qd3 O-O 11. Re1 Rc8 12. Be3 b6 1/2-1/2

[Event "Michigan Class A"]
[Site "Auburn Hills, MI"]
[Date "2003.04.27"]
[Round "1.4"]
[White "LaForge, Tom"]
[Black "Laurin, Edward"]
[Result "0-1"]
[WhiteElo "1907"]
[BlackElo "1832"]
[Annotator "Edward Laurin"]
[PlyCount "70"]
[EventDate "2003.04.26"]

1. e4 c5 2. Nf3 d6 3. d4 cxd4 4. Nxd4 Nf6 5. Nc3 g6 6. g3 Bg7 7. Bg2 O-O ({
Natural moves such as} 7... Nc6 {fall to} 8. Nxc6 bxc6 {then} 9. e5) ({Moving
the light-squared bishop with} 7... Bd7 {also falls to} 8. e5 {threatening the
knight and the weak b7 square.}) 8. O-O Qb6 9. Nb3 Bg4 10. Qd3 Nc6 11. Be3 Qc7
12. h3 {This gives Black the edge.} ({Best was} 12. f3) 12... Ne5 13. Qb5 Bd7
14. Qe2 Nc4 15. Bc1 {This move is too passive. White should sacrifice the pawn
and keep his pieces in play.} Rac8 16. Nd2 b5 17. a3 a5 18. Ra2 b4 19. axb4
axb4 20. Nd5 Nxd5 21. exd5 Nxd2 22. Qxd2 Qxc2 23. Qxb4 Rb8 24. Qd2 Qxd2 25.
Bxd2 Rxb2 26. Rxb2 Bxb2 27. Rb1 Bf6 {Defending the pawn on e7 and the bishop.}
28. g4 e6 29. Rb7 Ba4 30. Rb4 {White doesn't need to help Black reposition his
bishop on better squares.} Bc2 31. Rb6 Be5 32. Kf1 ({Not} 32. f4 Bd4+ $1) ({but
} 32. Kh1 {looks somewhat better but offers Black nice attacking chances after}
Ra8 $5) 32... Bd3+ 33. Kg1 (33. Ke1 {falls to} Ra8 $1 {which sets up the nice
threats of Ra1+ and Bc3+.}) (33. Ke1 {If after} Ra8 34. Rb3 {then Black
proceeds} Ra1+ 35. Bc1 Bc4 $1 {This nice intermediate move puts White up the
exchange.  A possible continuation:} 36. Rb8+ Kg7 {with the coming threat of
Bf4 and Rxc1+ winning.}) (33. Ke1 Ra8 {Best would appear to be} 34. Rc6) 33...
Ra8 $1 34. Bf3 Ra1+ 35. Kg2 Bf1+ {The mating net finds its way in and White is
lost.} 0-1

[Event "Michigan Class A"]
[Site "Auburn Hills, MI"]
[Date "2003.04.27"]
[Round "4.6"]
[White "Jewell, Ken"]
[Black "Laurin, Edward"]
[Result "0-1"]
[WhiteElo "1812"]
[BlackElo "1832"]
[Annotator "Edward Laurin"]
[PlyCount "36"]
[EventDate "2003.04.26"]

1. e4 c5 2. Nf3 d6 3. d4 cxd4 4. Nxd4 Nf6 5. Nc3 g6 6. Be3 Bg7 7. f3 O-O 8. Qd2
Nc6 9. O-O-O {The ever popular Yugoslav attack.} Nxd4 10. Bxd4 Be6 11. Be3 $2 {
White should just continue his attack rather than wasting a tempo to return to
this diagonal.} a6 12. g4 Rc8 13. g5 Nd7 (13... Nd7 14. -- {Black is now
threatening} Rxc3 {where White's reply} 15. bxc3 {falls into trouble after} Qa5
$1) 14. Nd5 Bxd5 15. Qxd5 {This allows Black to gain a tempo with the next
move. Better was to retake with the pawn.} Qc7 16. Rd2 $2 {This causes White
to lose material.} (16. Qd2 {was necessary.}) 16... Bxb2+ $1 17. Kxb2 Qc3+ 18.
Kc1 $2 (18. Kb1 {was required. However, White's position would still be in
trouble.}) 18... Qa1# 0-1

[Event "Michigan Class A"]
[Site "Auburn Hills, MI"]
[Date "2003.04.27"]
[Round "4.1"]
[White "Jendras, Gerard"]
[Black "Roe, Philip"]
[Result "1-0"]
[WhiteElo "1890"]
[BlackElo "1965"]
[PlyCount "91"]
[EventDate "2003.04.26"]

1. d4 Nf6 2. c4 Nc6 3. Nf3 e6 4. Nc3 Bb4 5. Qc2 O-O 6. a3 Bxc3+ 7. Qxc3 d6 8.
Bg5 h6 9. Bh4 Qe7 10. e3 Re8 11. Be2 e5 12. d5 Nb8 13. Bxf6 Qxf6 14. O-O Bf5
15. b4 Nd7 16. Rfc1 b6 17. Ra2 g5 18. Nd2 a5 19. Raa1 Qe7 20. e4 Bg6 21. g4 Kg7
22. Kg2 Rh8 23. h4 h5 24. gxh5 Bxh5 25. Bxh5 Rxh5 26. hxg5 Qxg5+ 27. Qg3 Qxg3+
28. Kxg3 f5 29. f3 Rah8 30. Rg1 Rh2 31. Rg2 Rxg2+ 32. Kxg2 Ra8 33. Nb3 fxe4 34.
fxe4 Nf6 35. Kf3 axb4 36. axb4 Rh8 37. Rg1+ Kf7 38. Nd2 Ra8 39. b5 Ra3+ 40. Ke2
Nh5 41. Rf1+ Nf4+ 42. Kd1 Kf6 43. Rf3 Ra1+ 44. Kc2 Rg1 45. Rf2 Rc1+ 46. Kxc1
1-0

[Event "Michigan Class C"]
[Site "Auburn Hills, MI"]
[Date "2003.04.27"]
[Round "4.8"]
[White "Holden, Anthony"]
[Black "Vasos, Brandon"]
[Result "1-0"]
[WhiteElo "1500"]
[BlackElo "1445"]
[PlyCount "57"]
[EventDate "2003.04.26"]

1. d4 e6 2. e3 c5 3. c3 Nf6 4. Bd3 Nc6 5. f4 d5 6. Nf3 Be7 7. Nbd2 c4 8. Bc2 b5
9. Qe2 Qa5 10. a3 b4 11. Ne5 bxc3 12. Nxc6 cxd2+ 13. Bxd2 Qb6 14. Nxe7 Kxe7 15.
Bb4+ Ke8 16. O-O Nd7 17. f5 a5 18. Bc3 f6 19. Qg4 Kf7 20. Rae1 Ra6 21. Qh5+ Ke7
22. e4 e5 23. exd5 Bb7 24. Kh1 Qd6 25. Ba4 Qxd5 26. Qg4 h5 27. Qxg7+ Kd8 28.
Qxh8+ Kc7 29. Qg7 1-0

[Event "Michigan Class D/E"]
[Site "Auburn Hills, MI"]
[Date "2003.04.27"]
[Round "4.6"]
[White "Hodge, Larry"]
[Black "Crane, John"]
[Result "1/2-1/2"]
[WhiteElo "1320"]
[BlackElo "1246"]
[PlyCount "110"]
[EventDate "2003.04.26"]

1. c4 e5 2. Nc3 d6 3. Nf3 Be6 4. b3 g6 5. g3 Bg7 6. e4 Nf6 7. Bg2 Nc6 8. d4
exd4 9. Nxd4 Nxd4 10. Qxd4 O-O 11. Bb2 Nd7 12. Qd2 Ne5 13. O-O c6 14. Rad1 Qc7
15. Qxd6 Qxd6 16. Rxd6 Bf6 17. Rd2 Rad8 18. Rfd1 Rxd2 19. Rxd2 Rd8 20. Rxd8+
Bxd8 21. Ne2 Nd3 22. Bc3 f6 23. Kf1 Kf7 24. Kg1 Bb6 25. Nd4 Bxd4 26. Bxd4 Nc1
27. Bxa7 Nxa2 28. Bf1 Bg4 29. Bc5 Bf3 30. Bd3 Nc1 31. Bc2 Ne2+ 32. Kf1 Nc3 33.
Ke1 Bxe4 34. Bxe4 Nxe4 35. Bd4 Ng5 36. Ke2 Ne6 37. Kd3 Nxd4 38. Kxd4 b6 39. b4
Ke6 40. f4 Kf5 41. h3 g5 42. fxg5 Kxg5 43. b5 cxb5 44. cxb5 h5 45. Kd5 h4 46.
g4 Kf4 47. Kc6 Kg3 48. Kxb6 Kxh3 49. Kc7 Kg2 50. b6 h3 51. b7 h2 52. b8=Q h1=Q
53. Qb2+ Kg3 54. Qxf6 Kxg4 55. Qg6+ Kf4 1/2-1/2